Manual de aseguramiento de calidad ISO-9000 /

Guardat en:
Dades bibliogràfiques
Autor principal: Jáuregui Huerta, Marco Antonio (autor)
Format: Llibre
Idioma:espanyol
Publicat: México : McGraw-Hill, 1996, c1996
Matèries:
Etiquetes: Afegir etiqueta
Sense etiquetes, Sigues el primer a etiquetar aquest registre!

MARC

LEADER 00000nam^a2200000^a^4500
001 000066318
005 20250521000000.0
009 20260310091212.924
020 |a 970-10-1769-2 
037 |a Acervo ITESO - Biblioteca 
041 |a ESP 
082 |a 658. 562  |b JAU 
100 |a Jáuregui Huerta, Marco Antonio  |e (autor) 
245 1 0 |a Manual de aseguramiento de calidad ISO-9000 /  |c M.A. Jáuregui Huerta. 
264 4 |a México :  |b McGraw-Hill,  |c 1996, c1996 
300 |a 99 p. 
336 |a texto  |b txt  |2 rdacontenido 
337 |a sin mediación  |b n  |2 rdamedio 
338 |a volumen  |b nc  |2 rdasoporte 
649 |a XX 
650 |a Normalización y Certificación 
650 |a Normalización y Certificación 
650 |a Control de Calidad 
650 |a Proceso de Producción 
650 |a Calidad Total 
650 |a Ciencias Administrativas 
650 |a Ingeniería Industrial 
910 |a Fondo General 
920 |a Impresos - Libros 
930 |a Colección General 
905 |a 101 
901 |a 0500048056  |b IT1  |c ACC  |u 20250521 
902 |a https://opac.biblio.iteso.mx/vufind/Record/000066318